Código Tributario: edición oficial, aprobada por Decreto N§ 645, de 25 de abril de 1994, del Ministerio de Justicia
-д хадгалсан:
| Формат: | Ном |
|---|---|
| Хэл сонгох: | испани |
| Хэвлэсэн: |
Santiago
Jurídica de Chile
1994
|
| Хэвлэл: | 14a. ed |
| Нөхцлүүд: | |
| Шошгууд: |
Шошго нэмэх
Шошго байхгүй, Энэхүү баримтыг шошголох эхний хүн болох!
|
MARC
| LEADER | 00000nam a2200000 a 4500 | ||
|---|---|---|---|
| 001 | UCZ6203 | ||
| 003 | CL-VaPUC | ||
| 008 | 951205e19940000CL |||||||||||||||||spa|d | ||
| 082 | 0 | 4 | |a 343.8304 |b COD |2 21 |
| 245 | 1 | 0 | |a Código Tributario: edición oficial, aprobada por Decreto N§ 645, de 25 de abril de 1994, del Ministerio de Justicia |
| 250 | |a 14a. ed | ||
| 300 | |a 468 p | ||
| 942 | |c BK | ||
| 945 | |d 19951205 00:00:00 |a rleighto | ||
| 260 | |a Santiago |b Jurídica de Chile |c 1994 | ||
| 500 | |a Apéndice actualizado a enero de 1996 | ||
| 650 | 7 | |a DERECHO |2 CL-VaPUC |9 350427 | |
| 650 | 0 | |a Código tributario |9 350428 | |
| 651 | 7 | |a CHILE |2 CL-VaPUC |9 350429 | |
| 583 | |a last modification |c 20111014 11:37:17 |k Rodrigo Vera | ||
| 999 | |c 242446 |d 242444 | ||
| 952 | |0 0 |1 0 |2 ddc |4 0 |6 343_830400000000000_COD_1994 |7 0 |8 FOND_LRYV |9 255425 |a BIBDER |b BIBDER |d 2019-11-19 |i 3285014 |o 343.8304 COD 1994 |p 3285014 |r 2023-01-25 |w 2019-11-19 |y BK_X |k DER | ||
| 952 | |0 0 |1 0 |2 ddc |4 0 |6 343_830400000000000_COD_1994 |7 0 |8 FOND_LRYV |9 255426 |a BIBDER |b BIBDER |d 2019-11-19 |i 3285022 |o 343.8304 COD 1994 |p 3285022 |r 2023-01-25 |w 2019-11-19 |y BK_X |k DER | ||